000 00781nam0a22002291 4500
001 rc\2870502
005 20110714103527.8
035 _a(NLR Aleph) 007023890
090 _a5935653
_c5935653
100 _a20110714d1930 |||y0rusy50 ca
101 0 _arus
102 _aRU
105 _aa z |||||
200 1 _aПеремычки с песчаною загрузкою и подводные взрывные работы
210 _aЛенинград
_cБ. и.
_d1930
_gтипо-литогр. "Сокол"
215 _aXXIII с. черт., XVII с. фот.
_cчерт., фот.
700 1 _aЮргевич
_bЛ. В.
_f1861-
_gЛеонид Валерианович
801 0 _aRU
_bNLR
_gpsbo
801 1 _aRU
_bELAR
_2rusmarc
852 _aNLR
_j30-14/15
942 _cBOOK
980 _aNB